000 00477nam a2200193Ia 4500
008 220531s9999 xx 000 0 und d
020 _a978-93-82630-60-9
041 _aeng
082 _a-
_bMAR / JHA
100 _aJha, Jai Ram
_981786
245 _aMargaret Atwood and Gender Discourse
250 _a1ST
260 _aJaipur
_bAadi
_c2015
300 _a218
542 _d27-03-2019
650 _aNovel
_981787
906 _d2018-2019
_f16671
999 _c45137
_d45137